<?xml version="1.0" encoding="UTF-8"?><?xml-stylesheet type="text/xsl" href="static/style.xsl"?><OAI-PMH xmlns="http://www.openarchives.org/OAI/2.0/" xmlns:xsi="http://www.w3.org/2001/XMLSchema-instance" xsi:schemaLocation="http://www.openarchives.org/OAI/2.0/ http://www.openarchives.org/OAI/2.0/OAI-PMH.xsd"><responseDate>2026-06-02T05:56:49Z</responseDate><request verb="GetRecord" identifier="oai:riuma.uma.es:10630/34810" metadataPrefix="marc">https://riuma.uma.es/rest/oai/request</request><GetRecord><record><header><identifier>oai:riuma.uma.es:10630/34810</identifier><datestamp>2026-02-03T11:05:15Z</datestamp><setSpec>com_10630_2254</setSpec><setSpec>col_10630_37953</setSpec></header><metadata><record xmlns="http://www.loc.gov/MARC21/slim" xmlns:dcterms="http://purl.org/dc/terms/" xmlns:doc="http://www.lyncode.com/xoai" xmlns:xsi="http://www.w3.org/2001/XMLSchema-instance" xsi:schemaLocation="http://www.loc.gov/MARC21/slim http://www.loc.gov/standards/marcxml/schema/MARC21slim.xsd">
   <leader>00925njm 22002777a 4500</leader>
   <datafield ind2=" " ind1=" " tag="042">
      <subfield code="a">dc</subfield>
   </datafield>
   <datafield ind2=" " ind1=" " tag="720">
      <subfield code="a">Girón-Gambero, Jesús Ramón</subfield>
      <subfield code="e">author</subfield>
   </datafield>
   <datafield ind2=" " ind1=" " tag="720">
      <subfield code="a">Lupión-Cobos, Teresa</subfield>
      <subfield code="e">author</subfield>
   </datafield>
   <datafield ind2=" " ind1=" " tag="720">
      <subfield code="a">Blanco-López, Ángel</subfield>
      <subfield code="e">author</subfield>
   </datafield>
   <datafield ind2=" " ind1=" " tag="260">
      <subfield code="c">2015</subfield>
   </datafield>
   <datafield ind2=" " ind1=" " tag="520">
      <subfield code="a">La propuesta didáctica que se presenta en este artículo aborda la adquisición de competencias científicas a través del análisis, en las clases de ciencias, de un anuncio de un conocido producto lácteo probiótico. Se pretende el desarrollo del espíritu crítico en la interpretación de la publicidad, especialmente de aquella con información científica. En su desarrollo se utiliza el código ético publicitario publicado por  Autocontrol, que vale como guía para el análisis del mismo. Se describe su diseño, su aplicación en el aula y se plantean las conclusiones más importantes tras su  implementación con estudiantes de ESO y bachillerato.</subfield>
   </datafield>
   <datafield ind1="8" ind2=" " tag="024">
      <subfield code="a">Girón J.R., Lupión T., Blanco A. (2015) La publicidad en las clases de ciencias. Análisis de un anuncio sobre un producto probiótico. Alambique, Didáctica de las Ciencias Experimentales. (81), 34-42.</subfield>
   </datafield>
   <datafield ind1="8" ind2=" " tag="024">
      <subfield code="a">https://hdl.handle.net/10630/34810</subfield>
   </datafield>
   <datafield tag="653" ind2=" " ind1=" ">
      <subfield code="a">Ciencia - Estudio y enseñanza</subfield>
   </datafield>
   <datafield ind2="0" ind1="0" tag="245">
      <subfield code="a">La publicidad en las clases  de ciencias. Análisis de un anuncio  sobre un  producto probiótico.</subfield>
   </datafield>
</record>
</metadata></record></GetRecord></OAI-PMH>